000 00588nam a2200217Ia 4500
005 20241129111206.0
008 241129s9999||||xx |||||||||||||| ||und||
020 _a978-93-5435-694-0
037 _aTB
040 _aCRL
_beng
_cCRL
041 _aeng
_2eng
084 _aRxN18:g R3
_qCRL
100 _aRanciere Jacques Au.
_9583315
245 0 _aAlthusser's lesson
_cRanciere Jacques Au.
260 _aNew Delhi, India
_bBloomsbury
_c2023
300 _axxiii,199p.
365 _aINR
_b699
650 _aPhilosophy
942 _cTB
_hRxN18:g R3
999 _c1229325
_d1229325